Cudzie jazyky v premenách času VIII recenzovaný zborník príspevkov z medzinárodnej vedeckej konferencie : 10. november 2017, [Bratislava]

Salvato in:
Dettagli Bibliografici
Enti autori: Cudzie jazyky v premenách času. Medzinárodná vedecká konferencia, Ekonomická univerzita v Bratislave. Fakulta aplikovaných jazykov
Altri autori: Kvapil, Roman, 1971-, Šajgalíková, Helena, Spišiaková, Mária, 1973-
Natura: Libro
Lingua:slovacco
inglese
Pubblicazione: Bratislava Vydavateľstvo EKONÓM 2018
Edizione:1. vydanie
Soggetti:
Tags: Aggiungi Tag
Nessun Tag, puoi essere il primo ad aggiungerne!!

MARC

LEADER 00000nlm a2200000 4500
001 0243129
005 20240514065805.7
020 |a 978-80-225-4492-4 
041 0 |a slo 
041 0 |a eng 
044 |a SK 
245 1 0 |a Cudzie jazyky v premenách času VIII  |b recenzovaný zborník príspevkov z medzinárodnej vedeckej konferencie : 10. november 2017, [Bratislava]  |c zostavovateľ/editor: Roman Kvapil 
250 |a 1. vydanie 
264 1 |a Bratislava  |b Vydavateľstvo EKONÓM  |c 2018 
300 |a CD-ROM [627 s., 32 AH] 
610 2 0 |a jazyky cudzie 
610 2 0 |a jazykoveda 
610 2 0 |a didaktika 
610 2 0 |a pedagogika 
610 2 0 |a komunikácia interkultúrna 
610 2 0 |a preklady 
700 1 |a Kvapil, Roman, 1971- 
700 1 |a Šajgalíková, Helena 
700 1 |a Spišiaková, Mária, 1973- 
110 2 |a Cudzie jazyky v premenách času. Medzinárodná vedecká konferencia 
710 2 |a Ekonomická univerzita v Bratislave. Fakulta aplikovaných jazykov